000 01121nam a22002657a 4500
005 20240530110956.0
008 181218s2008 ua ak g b 00| 0 ara d
020 _a9773370615
040 _aEG-CaGPL
_cEG-CaGPL
082 0 4 _221
_a658.154 /
_bخ ت
110 _aخبراء مركز الخبرات المهنية للادارة ( بميك )
245 1 0 _aالتخطيط المالى واعداد الموازنات /
_cاعداد خبراء مركز الخبرات المهنية للادارة ( بميك ) ؛ مشرف عبدالرحمن توفيق .
250 _aط.4
260 _aالقاهرة :
_bمركز الخبرات المهنية للادارة (ببميك) ،
_c2006.
300 _a80 ص :
_c30 سم.
490 _aمنهج المهارات المالية والمحاسبية
_v( 10 / 12 )
650 0 7 _2qrmak
_aالادارة
650 0 7 _2qrmak
_aالمحاسبة
650 0 7 _2qrmak
_aالموازنة
650 0 7 _2qrmak
_aالاستثمار
651 _2qrmak
700 0 _aعبدالرحمن توفيق
_eمشرف
942 _2ddc
_cBK
999 _c67094
_d67094